| 000 | 00506nam a2200157Ia 4500 | ||
|---|---|---|---|
| 008 | 160316s1982 xxu||||| |||| 00| 0 eng d | ||
| 082 |
_a341.450000 _bDEF |
||
| 100 | _aDefensor Santiago Mcriam | ||
| 245 | _aThe archipelagic concept in the law of the sea : Problems and perspectives | ||
| 250 | _a | ||
| 260 |
_aMetro Manila Philippiness _bDevelopment Academy of the Phillippiness press _c1982 |
||
| 300 |
_a77 _b _c |
||
| 365 | _b | ||
| 650 | _a1. Law of the Sea 2. International Law - Sea | ||
| 700 |
_a _a |
||
| 999 |
_c3067 _d3067 |
||